|
|
|
|
| LEADER |
01246nam a2200253 a 4500 |
| 001 |
26954 |
| 008 |
130512s1996 ph a b 100 0 eng d |
| 010 |
|
|
|a 96946764
|
| 020 |
|
|
|a 9715610935 (v. 2)
|
| 040 |
|
|
|a DLC
|c DLC
|d BD-DhAAL
|
| 082 |
0 |
0 |
|a 333.91/0095
|2 19
|
| 111 |
2 |
|
|a Regional Consultation Workshop Towards a Policy for Water Resources Development and Management in the Asian and Pacific Region
|d (1996 :
|c Asian Development Bank)
|
| 245 |
1 |
0 |
|a Towards effective water policy in the Asian and Pacific region...
|n Volume Two,
|p Country papers /
|c edited by Wouter Lincklaen Arriens ... [et al.].
|
| 260 |
|
|
|a Manila, Philippines :
|b Asian Development Bank,
|c 1996.
|
| 300 |
|
|
|a 311 p. :
|b ill. (some col.) ;
|c 24 cm.
|
| 362 |
0 |
|
|a vol. 2
|
| 541 |
1 |
|
|e 26954
|
| 650 |
|
0 |
|a Water resources development
|x Government policy
|z Asia
|x Congresses.
|
| 650 |
|
0 |
|a Water resources development
|x Government policy
|z Pacific Area
|x Congresses.
|
| 700 |
2 |
|
|a Lincklaen Arriumlens, Wouter T.
|
| 710 |
2 |
|
|a Asian Development Bank.
|
| 852 |
1 |
|
|a Ayesha Abed Library
|j General Shelf.
|
| 999 |
|
|
|c 13441
|d 13441
|
| 952 |
|
|
|0 0
|1 0
|2 ddc
|4 0
|6 333_910095000000000_TOW
|7 0
|9 22399
|a BRACUL
|b BRACUL
|c GEN
|d 2013-05-19
|e VC of BRACU
|l 0
|o 333.910095 TOW
|p 3010026954
|r 2013-05-19
|t 1
|w 2013-05-19
|y BK
|